000
00263nam a22001217a 4500
003
OSt
005
20250703101350.0
008
250703b |||||||| |||| 00| 0 eng d
040
_c
DLC
082
_a
346.0132
245
_a
The Children Act (Cap.141)
942
_2
ddc
_c
BK
999
_c
4116
_d
4116